|
|
|
|
| LEADER |
00589nam a22001697a 4500 |
| 020 |
|
|
|a 978812180163x
|
| 082 |
|
|
|a 615.538
|b POO/T
|
| 100 |
|
|
|a Poornima Bhat
|
| 245 |
|
|
|a Traditional ayurvedic treatments/
|c by Poornima Bhat; translated by Vasudha.
|
| 260 |
|
|
|a Varanasi:
|b Chowkhamba Krishnadas Academy,
|c 2010.
|
| 300 |
|
|
|a 65p.
|
| 650 |
|
|
|a Ayurveda
|
| 650 |
|
|
|a Medicine
|
| 700 |
|
|
|a Vasudha (tr.)
|
| 942 |
|
|
|c BK
|
| 999 |
|
|
|c 57920
|d 57920
|
| 952 |
|
|
|0 0
|1 0
|4 0
|6 615_538000000000000_POO_T
|7 0
|9 81082
|a SSUS
|b SSUS
|c STACKS
|d 2015-12-22
|g 80.00
|l 2
|o 615.538 POO/T
|p 079811
|r 2018-06-07
|s 2018-03-20
|w 2015-12-22
|y BK
|